<?xml version="1.0" encoding="UTF-8"?>
<record
    xmlns:xsi="http://www.w3.org/2001/XMLSchema-instance"
    xsi:schemaLocation="http://www.loc.gov/MARC21/slim http://www.loc.gov/standards/marcxml/schema/MARC21slim.xsd"
    xmlns="http://www.loc.gov/MARC21/slim">

  <leader>00877nas a22002177a 4500</leader>
  <controlfield tag="003">OSt</controlfield>
  <controlfield tag="005">20151119125755.0</controlfield>
  <controlfield tag="008">130628u1995    sp q|||| |||| 00| 0 spa d</controlfield>
  <datafield tag="022" ind1=" " ind2=" ">
    <subfield code="a">1135-8521</subfield>
  </datafield>
  <datafield tag="040" ind1=" " ind2=" ">
    <subfield code="c">CDMR</subfield>
    <subfield code="b">cat</subfield>
  </datafield>
  <datafield tag="245" ind1=" " ind2="0">
    <subfield code="a">Quark</subfield>
    <subfield code="b">: ciencia, medicina, comunicaci&#xF3;n y cultura</subfield>
  </datafield>
  <datafield tag="260" ind1=" " ind2=" ">
    <subfield code="a">Barcelona</subfield>
    <subfield code="b">Observatorio de la Comunicaci&#xF3;n Cient&#xED;fica de la Universidad Pompeu Fabra</subfield>
    <subfield code="c">1995-</subfield>
  </datafield>
  <datafield tag="300" ind1=" " ind2=" ">
    <subfield code="a">n&#xFA;m.</subfield>
  </datafield>
  <datafield tag="310" ind1=" " ind2=" ">
    <subfield code="a">Trimestral</subfield>
  </datafield>
  <datafield tag="362" ind1=" " ind2=" ">
    <subfield code="a">N&#xFA;m. 1 (1995) - N&#xFA;m. 39-40 (2007)</subfield>
  </datafield>
  <datafield tag="650" ind1="0" ind2="4">
    <subfield code="9">4594</subfield>
    <subfield code="a">Comunicaci&#xF3; cient&#xED;fica</subfield>
  </datafield>
  <datafield tag="710" ind1="2" ind2=" ">
    <subfield code="9">4582</subfield>
    <subfield code="a">Universitat Pompeu Fabra</subfield>
    <subfield code="b">-- Observatori de la Comunicaci&#xF3; Cient&#xED;fica</subfield>
  </datafield>
  <datafield tag="856" ind1="4" ind2="0">
    <subfield code="u">http://quark.prbb.org/anteriores.htm</subfield>
    <subfield code="y">Disponible en l&#xED;nia</subfield>
    <subfield code="z">(Observatori de la Comunicaci&#xF3; Cient&#xED;fica UPF)</subfield>
  </datafield>
  <datafield tag="856" ind1="4" ind2="0">
    <subfield code="u">http://dialnet.unirioja.es/servlet/revista?codigo=1748</subfield>
    <subfield code="y">Disponible en l&#xED;nia</subfield>
    <subfield code="z">(Dialnet)</subfield>
  </datafield>
  <datafield tag="942" ind1=" " ind2=" ">
    <subfield code="2">udc</subfield>
    <subfield code="c">SER</subfield>
  </datafield>
  <datafield tag="999" ind1=" " ind2=" ">
    <subfield code="c">6542</subfield>
    <subfield code="d">6542</subfield>
  </datafield>
  <datafield tag="952" ind1=" " ind2=" ">
    <subfield code="0">0</subfield>
    <subfield code="1">0</subfield>
    <subfield code="4">0</subfield>
    <subfield code="7">0</subfield>
    <subfield code="a">CDMR</subfield>
    <subfield code="b">CDMR</subfield>
    <subfield code="d">2013-01-16</subfield>
    <subfield code="h">N&#xFA;m. 1 (1995) - n&#xFA;m. 39-40 (2007)</subfield>
    <subfield code="l">0</subfield>
    <subfield code="r">2013-06-28</subfield>
    <subfield code="w">2013-06-28</subfield>
    <subfield code="y">SER</subfield>
  </datafield>
</record>
